Aktualizácia a monitorovanie vzdialeného systému

Gespeichert in:
Bibliographische Detailangaben
1. Verfasser: Sninčák, Adam (Verfasst von)
Weitere Verfasser: Kunštár, Vladimír (Betreuung Doktorarbeit)
Format: Manuskript Buch
Sprache:Slowakisch
Veröffentlicht: 2021
Schlagworte:
Online-Zugang:http://is.stuba.sk/zp/portal_zp.pl?podrobnosti=158969
Tags: Tag hinzufügen
Keine Tags, Fügen Sie das erste Tag hinzu!

MARC

LEADER 00000ntm a22000003a 4500
001 stuzp85726
003 SK-STU
005 20210619212158.0
007 ta
008 150427s2015----xo-----f-mn---000-0-slo-d
040 |a STU  |b slo 
041 0 |a slo 
100 1 |a Sninčák, Adam  |u 070400  |4 aut  |U FIIT Fakulta informatiky a informačných technológií  |T FIIT Ústav počítačového inžinierstva a aplikovanej informatiky  |X 79740  |U I400  |Y 672  |7 79740 
242 0 1 |a Remote system update and monitoring  |y eng 
245 1 0 |a Aktualizácia a monitorovanie vzdialeného systému 
260 |c 2021 
650 4 |a vzdialený systém  |2 slo 
650 4 |a Apache Kafka  |2 slo 
650 4 |a Linux  |2 slo 
650 4 |a aktualizácia systému  |2 slo 
650 4 |a remote system  |2 eng 
650 4 |a Apache Kafka  |2 eng 
650 4 |a Linux  |2 eng 
650 4 |a system update  |2 eng 
700 1 |a Kunštár, Vladimír  |u 070400  |k Z3  |4 ths  |U FIIT Fakulta informatiky a informačných technológií  |T FIIT Ústav počítačového inžinierstva a aplikovanej informatiky  |X 64527  |U I400  |Y 672  |7 A000064527 
856 4 |u http://is.stuba.sk/zp/portal_zp.pl?podrobnosti=158969